[Event "GBR-ch Major op 109th"]
[Site "Leicester"]
[Date "2023.07.28"]
[Round "7"]
[White "Sinclair, Colin"]
[Black "Freeman, Ashley"]
[Result "1/2-1/2"]
[WhiteElo "1652"]
[BlackElo "1846"]
[PlyCount "78"]
[EventDate "2023.07.22"]
[EventType "swiss"]
[EventRounds "9"]
[EventCountry "ENG"]
[SourceTitle "EXT 2024"]
[Source "ChessBase"]
[SourceDate "2023.10.10"]
[SourceVersion "1"]
[SourceVersionDate "2023.10.10"]
[SourceQuality "1"]

1. b3 f5 2. Bb2 Nf6 3. Bxf6 exf6 4. c4 Nc6 5. Nc3 Bc5 6. e3 0-0 7. Nh3 Re8 8. Be2 Nb8 9. 0-0 c6 10. Nf4 g6 11. a3 a5 12. d4 Bf8 13. d5 Qc7 14. h4 Na6 15. Bd3 Nc5 16. Bc2 Bd6 17. Qf3 Be5 18. Nfe2 Ne4 19. Bxe4 fxe4 20. Nxe4 Bxa1 21. Rxa1 Rf8 22. d6 Qd8 23. Rb1 b6 24. N2c3 f5 25. Ng5 Ba6 26. Qf4 Qf6 27. Na4 Rab8 28. c5 bxc5 29. Nxc5 Bc8 30. Qc4+ Kg7 31. Rd1 h6 32. Nf3 g5 33. h5 Re8 34. Nd4 Rb6 35. f4 Rxe3 36. Qc2 Re1+ 37. Rxe1 Qxd4+ 38. Kh1 Qxd6 39. Qxf5 Qf6 1/2-1/2

[Event "GBR-ch Major op 109th"]
[Site "Leicester"]
[Date "2023.07.23"]
[Round "2"]
[White "Dougherty, Michael J"]
[Black "Freeman, Ashley"]
[Result "1-0"]
[WhiteElo "2110"]
[BlackElo "1846"]
[PlyCount "52"]
[EventDate "2023.07.22"]
[EventType "swiss"]
[EventRounds "9"]
[EventCountry "ENG"]
[SourceTitle "EXT 2024"]
[Source "ChessBase"]
[SourceDate "2023.10.10"]
[SourceVersion "1"]
[SourceVersionDate "2023.10.10"]
[SourceQuality "1"]

1. d4 f5 2. Bg5 h6 3. Bh4 g5 4. e4 Nf6 5. e5 e6 6. exf6 Qxf6 7. Bg3 f4 8. Qh5+ Kd8 9. Nf3 Nc6 10. Nc3 d5 11. Bb5 Bd7 12. 0-0-0 Bd6 13. Rhe1 a6 14. Bxc6 Bxc6 15. Qg4 Bd7 16. Ne5 fxg3 17. Nxd5 Qg7 18. Nxd7 exd5 19. Nc5 Bxc5 20. dxc5 c6 21. Qxg3 Re8 22. Qd6+ Qd7 23. Rxe8+ Kxe8 24. Re1+ Kd8 25. Qf8+ Kc7 26. Qxa8 Qd8 1-0

[Event "IECG CP.2009.P.00014 email"]
[Site "IECG email"]
[Date "2009.10.01"]
[Round "?"]
[White "Gaffney, Peter"]
[Black "Freeman, Ashley"]
[Result "0-1"]
[WhiteElo "1435"]
[BlackElo "2097"]
[PlyCount "56"]
[EventDate "2009.10.01"]
[EventType "tourn (corr)"]
[EventRounds "6"]
[EventCountry "ARG"]
[SourceTitle "Corr 2024"]
[Source "ChessBase"]
[SourceDate "2023.10.19"]
[SourceVersion "1"]
[SourceVersionDate "2023.10.19"]
[SourceQuality "1"]

1. e4 e5 2. Nf3 Nc6 3. Bb5 a6 4. Bxc6 dxc6 5. 0-0 Bg4 6. h3 h5 7. d3 Qf6 8. Nbd2 Ne7 9. Re1 Ng6 10. d4 Nf4 11. hxg4 hxg4 12. g3 gxf3 13. Qxf3 Ne6 14. Qxf6 gxf6 15. dxe5 Nd4 16. Rd1 Nxc2 17. Rb1 fxe5 18. Nf3 f6 19. Rd2 Nb4 20. a3 Na2 21. Rd3 Nxc1 22. Rxc1 Rh7 23. Rcd1 c5 24. b3 b5 25. Nh4 a5 26. Nf5 a4 27. bxa4 c4 28. R3d2 bxa4 0-1

[Event "IECG CP.2009.P.00014 email"]
[Site "IECG email"]
[Date "2009.10.01"]
[Round "?"]
[White "Mohandoussaid, Malik"]
[Black "Freeman, Ashley"]
[Result "0-1"]
[WhiteElo "1676"]
[BlackElo "2097"]
[PlyCount "26"]
[EventDate "2009.10.01"]
[EventType "tourn (corr)"]
[EventRounds "6"]
[EventCountry "ARG"]
[SourceTitle "Corr 2024"]
[Source "ChessBase"]
[SourceDate "2023.10.19"]
[SourceVersion "1"]
[SourceVersionDate "2023.10.19"]
[SourceQuality "1"]

1. d4 Nf6 2. c4 g6 3. Nc3 Bg7 4. e4 d6 5. f3 0-0 6. Nge2 c5 7. Be3 b6 8. Qd2 Nc6 9. d5 Ne5 10. Ng3 e6 11. Bh6 Bxh6 12. Qxh6 a6 13. Kf2 Nfg4+ 0-1

[Event "IECG CP.2007.Q.00020 email"]
[Site "IECG email"]
[Date "2009.01.15"]
[Round "?"]
[White "Freeman, Ashley"]
[Black "Al Jabari, Osama"]
[Result "1/2-1/2"]
[WhiteElo "2073"]
[BlackElo "1867"]
[PlyCount "79"]
[EventDate "2009.01.15"]
[EventType "tourn (corr)"]
[EventRounds "6"]
[SourceTitle "Corr 2024"]
[Source "ChessBase"]
[SourceDate "2023.10.19"]
[SourceVersion "1"]
[SourceVersionDate "2023.10.19"]
[SourceQuality "1"]

1. d4 Nf6 2. c4 e6 3. Nc3 Bb4 4. e3 0-0 5. a3 Bxc3+ 6. bxc3 c5 7. Bd3 Nc6 8. Ne2 b6 9. 0-0 Ba6 10. e4 Ne8 11. f4 f5 12. d5 Na5 13. e5 Qc8 14. d6 Qc6 15. a4 Bxc4 16. Bxc4 Nxc4 17. Ng3 Na5 18. Be3 g6 19. Qd3 Nb3 20. Ra2 c4 21. Qe2 Ng7 22. Rd1 Rab8 23. Nf1 g5 24. Nd2 gxf4 25. Bxf4 Rbc8 26. Kh1 Nc5 27. Qxc4 Ne4 28. Qxc6 Rxc6 29. Nxe4 fxe4 30. g3 Rxc3 31. Rb1 e3 32. a5 Nf5 33. axb6 axb6 34. Ra7 Rf7 35. Ra4 Rc2 36. Rab4 h5 37. Rxb6 h4 38. R6b2 Rc3 39. Re2 h3 40. Rbe1 1/2-1/2

[Event "IECG CP.2007.Q.00020 email"]
[Site "IECG email"]
[Date "2009.01.15"]
[Round "?"]
[White "Greco, Carmelo"]
[Black "Freeman, Ashley"]
[Result "1-0"]
[WhiteElo "2123"]
[BlackElo "2073"]
[PlyCount "77"]
[EventDate "2009.01.15"]
[EventType "tourn (corr)"]
[EventRounds "6"]
[SourceTitle "Corr 2024"]
[Source "ChessBase"]
[SourceDate "2023.10.19"]
[SourceVersion "1"]
[SourceVersionDate "2023.10.19"]
[SourceQuality "1"]

1. d4 Nf6 2. Nf3 g6 3. c4 Bg7 4. Nc3 0-0 5. e4 d6 6. Be2 e5 7. 0-0 Nc6 8. d5 Ne7 9. Ne1 Nd7 10. Be3 f5 11. f3 f4 12. Bf2 g5 13. Nd3 Nf6 14. c5 Ng6 15. Rc1 Rf7 16. cxd6 cxd6 17. b4 h5 18. b5 g4 19. a4 gxf3 20. gxf3 Bh3 21. Re1 Nxd5 22. Kh1 Nxc3 23. Rxc3 d5 24. Rg1 d4 25. Rc5 Qf6 26. Bxd4 exd4 27. Rxh5 Nh4 28. Bf1 Be6 29. Qe2 a6 30. Qf2 axb5 31. Rxh4 bxa4 32. e5 Qe7 33. Nxf4 a3 34. Nxe6 Qxe6 35. Qxd4 b5 36. Bd3 Rc8 37. Bg6 a2 38. Bxf7+ Qxf7 39. Qe4 1-0

[Event "IECG WC.2007.S.00003 email"]
[Site "IECG email"]
[Date "2007.12.15"]
[Round "?"]
[White "Gierth, Karlheinz"]
[Black "Freeman, Ashley"]
[Result "1/2-1/2"]
[WhiteElo "2289"]
[BlackElo "2026"]
[PlyCount "80"]
[EventDate "2007.12.15"]
[EventType "tourn (corr)"]
[EventRounds "6"]
[SourceTitle "Corr 2024"]
[Source "ChessBase"]
[SourceDate "2023.10.19"]
[SourceVersion "1"]
[SourceVersionDate "2023.10.19"]
[SourceQuality "1"]

1. c4 g6 2. d4 Nf6 3. Nc3 Bg7 4. e4 d6 5. Nf3 0-0 6. h3 e5 7. d5 Na6 8. Bg5 Qe8 9. g4 Nd7 10. Rg1 Kh8 11. Be3 f5 12. gxf5 gxf5 13. exf5 Ndc5 14. Nh4 Bd7 15. Rb1 Bf6 16. Bg5 Bg7 17. b4 e4 18. Qd2 Nd3+ 19. Bxd3 exd3+ 20. Kf1 Rxf5 21. Nxf5 Bxf5 22. Rg3 Qh5 23. Kg1 h6 24. Bf4 Rg8 25. Nb5 Bxh3 26. Re1 Bg4 27. Ree3 Be2 28. Kg2 Qf7 29. Re6 Rf8 30. Be3 Bf3+ 31. Kf1 Qh5 32. Reg6 Rf7 33. Bxh6 Qh1+ 34. Rg1 Qh3+ 35. Ke1 Re7+ 36. Be3 Nxb4 37. Qxb4 Rxe3+ 38. fxe3 Qh4+ 39. R1g3 Be5 40. Qc3 Kh7 1/2-1/2

[Event "IECG WC.2007.S.00003 email"]
[Site "IECG email"]
[Date "2007.12.15"]
[Round "?"]
[White "Mauro, Lucio"]
[Black "Freeman, Ashley"]
[Result "1/2-1/2"]
[WhiteElo "2264"]
[BlackElo "2026"]
[PlyCount "78"]
[EventDate "2007.12.15"]
[EventType "tourn (corr)"]
[EventRounds "6"]
[SourceTitle "Corr 2024"]
[Source "ChessBase"]
[SourceDate "2023.10.19"]
[SourceVersion "1"]
[SourceVersionDate "2023.10.19"]
[SourceQuality "1"]

1. e4 e5 2. Nf3 Nc6 3. Bb5 a6 4. Ba4 Nf6 5. 0-0 Be7 6. Re1 b5 7. Bb3 0-0 8. a4 b4 9. d3 d6 10. a5 Be6 11. Nbd2 Rb8 12. Nc4 h6 13. h3 Qc8 14. Be3 Rd8 15. Qe2 Bf8 16. Nfd2 g6 17. Qf3 Nd7 18. Qg3 Bg7 19. Qh4 h5 20. Nf3 Nd4 21. Bxd4 exd4 22. e5 d5 23. Ncd2 c5 24. Ng5 Nf8 25. f4 Bf5 26. Re2 Ne6 27. Nxe6 Bxe6 28. Nf3 Rb7 29. Ng5 Rc7 30. Ba4 c4 31. Rd1 b3 32. Nxe6 fxe6 33. dxc4 dxc4 34. cxb3 d3 35. Re4 c3 36. bxc3 Rxc3 37. Kh2 Kh7 38. Rb4 Rc2 39. Qe7 Rxg2+ 1/2-1/2

[Event "IECG CP.2007.P.00056 email"]
[Site "IECG email"]
[Date "2007.10.01"]
[Round "?"]
[White "Freeman, Ashley"]
[Black "De Booy, Marco"]
[Result "1-0"]
[WhiteElo "2013"]
[BlackElo "963"]
[PlyCount "29"]
[EventDate "2007.10.01"]
[EventType "tourn (corr)"]
[EventRounds "6"]
[SourceTitle "Corr 2024"]
[Source "ChessBase"]
[SourceDate "2023.10.19"]
[SourceVersion "1"]
[SourceVersionDate "2023.10.19"]
[SourceQuality "1"]

1. d4 f5 2. e4 fxe4 3. Nc3 Nf6 4. Bg5 c6 5. f3 exf3 6. Nxf3 Qb6 7. Rb1 e6 8. Bd3 Be7 9. 0-0 0-0 10. Qe1 d6 11. Ne4 e5 12. Nxf6+ Bxf6 13. Qh4 g6 14. Bxf6 Be6 15. Ng5 1-0

[Event "IECG CP.2005.Q.00029 email"]
[Site "IECG email"]
[Date "2007.01.15"]
[Round "?"]
[White "Freeman, Ashley"]
[Black "Garcia Medinilla, Daniel"]
[Result "1-0"]
[WhiteElo "1978"]
[BlackElo "1935"]
[PlyCount "47"]
[EventDate "2007.01.15"]
[EventType "tourn (corr)"]
[EventRounds "6"]
[EventCountry "GER"]
[SourceTitle "Corr 2011"]
[Source "ChessBase"]
[SourceDate "2010.08.31"]
[SourceVersion "1"]
[SourceVersionDate "2010.08.31"]
[SourceQuality "1"]

1. d4 d5 2. c4 c6 3. Nf3 Nf6 4. Nc3 e6 5. e3 Nbd7 6. Bd3 dxc4 7. Bxc4 b5 8. Bd3 a6 9. e4 c5 10. e5 cxd4 11. Nxb5 Nxe5 12. Nxe5 axb5 13. Bxb5+ Bd7 14. Nxd7 Qa5+ 15. Bd2 Qxb5 16. Nxf8 Kxf8 17. a4 Qxb2 18. 0-0 Ne4 19. Be1 Qb6 20. Rb1 Qa7 21. Qc2 Nf6 22. Qc6 g6 23. Rb7 Qxa4 24. Qc7 1-0

[Event "IECG CP.2005.Q.00029 email"]
[Site "IECG email"]
[Date "2007.01.15"]
[Round "?"]
[White "Freeman, Ashley"]
[Black "Migliorini, Roberto"]
[Result "1-0"]
[WhiteElo "1978"]
[BlackElo "2056"]
[PlyCount "89"]
[EventDate "2007.01.15"]
[EventType "tourn (corr)"]
[EventRounds "6"]
[EventCountry "GER"]
[SourceTitle "Corr 2011"]
[Source "ChessBase"]
[SourceDate "2010.08.31"]
[SourceVersion "1"]
[SourceVersionDate "2010.08.31"]
[SourceQuality "1"]

1. d4 d5 2. c4 dxc4 3. e4 e5 4. Nf3 exd4 5. Bxc4 Nc6 6. 0-0 Be6 7. Bxe6 fxe6 8. Qb3 Qd7 9. Qxb7 Rb8 10. Qa6 Nf6 11. Nbd2 Bd6 12. a3 0-0 13. b4 Ng4 14. Bb2 Bf4 15. Nc4 Rbd8 16. Rad1 Bd6 17. Ncd2 Nce5 18. Nxe5 Bxe5 19. h3 d3 20. Ba1 Bxa1 21. Rxa1 Ne5 22. Qxa7 Ng6 23. g3 e5 24. Kg2 Rf6 25. Rac1 Rc6 26. Rfd1 Rc2 27. Qe3 Qc6 28. Nf3 h6 29. Rxc2 Qxc2 30. Rd2 Qc4 31. Ne1 Qc3 32. Rxd3 Rxd3 33. Nxd3 Qxa3 34. Qd2 Qa8 35. Nc5 Qe8 36. Qd5+ Kh7 37. Nd7 Qg8 38. Kf3 h5 39. h4 Qe8 40. b5 Qe7 41. Kg2 Qe8 42. Qc6 Qd8 43. Qe6 Qe7 44. Qxe7 Nxe7 45. Nf8+ 1-0

[Event "IECG WC.2010.P.00021 email"]
[Site "IECG email"]
[Date "2006.06.05"]
[Round "?"]
[White "Freeman, Ashley"]
[Black "Boyd, John Michael"]
[Result "1-0"]
[WhiteElo "1959"]
[BlackElo "1626"]
[PlyCount "95"]
[EventDate "2006.06.05"]
[EventType "tourn (corr)"]
[EventRounds "6"]
[SourceTitle "Corr 2008"]
[Source "ChessBase"]
[SourceDate "2008.06.24"]
[SourceVersion "1"]
[SourceVersionDate "2008.06.24"]
[SourceQuality "1"]

1. d4 d5 2. c4 c6 3. Nf3 Nf6 4. Nc3 e6 5. e3 Nbd7 6. Bd3 dxc4 7. Bxc4 b5 8. Bb3 b4 9. Ne2 Be7 10. 0-0 0-0 11. Ng3 c5 12. e4 Bb7 13. e5 Nd5 14. Re1 Rc8 15. Qd3 Qc7 16. Bc2 g6 17. Bh6 Rfd8 18. Rac1 Qa5 19. Bb1 c4 20. Qe4 c3 21. b3 Qb6 22. Qg4 Rc6 23. Ne4 Qc7 24. Bd3 Ba6 25. Bc2 f5 26. exf6 N7xf6 27. Qh3 Nxe4 28. Rxe4 Bf6 29. Rg4 Qf7 30. Qg3 Ne7 31. Rf4 Nf5 32. Bxf5 exf5 33. Rxf5 Qd7 34. Rf4 Bh8 35. Bg5 Re8 36. Ne5 Qc7 37. Nxc6 Qxc6 38. Bh6 Qd5 39. Rf3 Bxd4 40. Qf4 Kh8 41. h4 Bb7 42. Rd1 c2 43. Rxd4 c1Q+ 44. Qxc1 Qxd4 45. Rf7 Bd5 46. Bg7+ Qxg7 47. Rxg7 Kxg7 48. Qc7+ 1-0

[Event "IECG CP.2002.Q.00012 email"]
[Site "IECG email"]
[Date "2003.10.01"]
[Round "?"]
[White "Freeman, Ashley"]
[Black "Raffaele, Enzo"]
[Result "1-0"]
[WhiteElo "1859"]
[BlackElo "2256"]
[PlyCount "111"]
[EventDate "2003.10.01"]
[EventType "tourn (corr)"]
[EventRounds "10"]
[SourceTitle "Corr 2008"]
[Source "ChessBase"]
[SourceDate "2008.06.24"]
[SourceVersion "1"]
[SourceVersionDate "2008.06.24"]
[SourceQuality "1"]

1. d4 Nf6 2. c4 e6 3. Nc3 Bb4 4. e3 0-0 5. a3 Bxa3 6. Rxa3 d5 7. Nf3 c6 8. Ra1 b6 9. cxd5 exd5 10. Bd3 a5 11. Ne5 Ba6 12. Bxa6 Rxa6 13. 0-0 b5 14. b3 Re8 15. Qd3 Nbd7 16. Nxd7 Qxd7 17. f3 Qe7 18. Ra2 Rea8 19. Bd2 h6 20. Rfa1 Qc7 21. Be1 Qa7 22. Bh4 Nd7 23. e4 dxe4 24. fxe4 b4 25. Ne2 c5 26. Bf2 cxd4 27. Nxd4 Qc7 28. Rc2 Qb7 29. Nf5 Nf6 30. Bd4 Qxe4 31. Qxe4 Nxe4 32. Nxg7 Rd8 33. Nf5 Kh7 34. Re1 Nd6 35. Nxd6 Raxd6 36. Be5 Re6 37. Kf2 Rd3 38. Rb2 Kg6 39. Bc7 Rf6+ 40. Kg1 Rf5 41. Ra1 Rdd5 42. Rba2 Rd3 43. Rb1 Rdd5 44. Rba1 Rd3 45. Rxa5 Rxb3 46. Rxf5 Kxf5 47. Re1 Kg6 48. Re5 Rb1+ 49. Kf2 Rb2+ 50. Kf3 Rb3+ 51. Ke4 Rb2 52. Rb5 Rxg2 53. Rxb4 Ra2 54. Bf4 f6 55. Rb8 Ra4+ 56. Kf3 1-0

[Event "IECG CP.2002.Q.00012 email"]
[Site "IECG email"]
[Date "2003.10.01"]
[Round "?"]
[White "Freeman, Ashley"]
[Black "Tinture, Laurent"]
[Result "0-1"]
[WhiteElo "1859"]
[BlackElo "2282"]
[PlyCount "88"]
[EventDate "2003.10.01"]
[EventType "tourn (corr)"]
[EventRounds "10"]
[SourceTitle "Corr 2008"]
[Source "ChessBase"]
[SourceDate "2008.06.24"]
[SourceVersion "1"]
[SourceVersionDate "2008.06.24"]
[SourceQuality "1"]

1. d4 Nf6 2. c4 c5 3. d5 e6 4. Nc3 exd5 5. cxd5 d6 6. e4 g6 7. Bd3 Bg7 8. Nge2 0-0 9. 0-0 a6 10. a4 Nbd7 11. h3 Qc7 12. f4 Re8 13. Ng3 c4 14. Bc2 Rb8 15. Be3 Nc5 16. Qf3 b5 17. axb5 axb5 18. e5 dxe5 19. fxe5 Rxe5 20. Bf4 b4 21. Rae1 Ncd7 22. Nge4 Nh5 23. d6 Qd8 24. Ne2 Nxf4 25. Nxf4 Bb7 26. Qd1 b3 27. Bb1 Qb6+ 28. Kh1 Rbe8 29. Ng5 Rxe1 30. Rxe1 Re5 31. Rxe5 Bxe5 32. Qf1 Qe3 33. Nfe6 Bxg2+ 34. Qxg2 Qe1+ 35. Qg1 Qxg1+ 36. Kxg1 Bxb2 37. Nxf7 Kxf7 38. Ng5+ Kg7 39. Kf2 Be5 40. Ne4 Kf7 41. Nd2 Nb6 42. Kf3 Ke6 43. Ne4 Kd5 44. Nd2 Bxd6 0-1

[Event "IECG CP.2002.P.00085 email"]
[Site "IECG email"]
[Date "2002.10.01"]
[Round "?"]
[White "Iacobitz, Lucian Valentin"]
[Black "Freeman, Ashley"]
[Result "1/2-1/2"]
[WhiteElo "1438"]
[BlackElo "1800"]
[PlyCount "94"]
[EventDate "2002.10.01"]
[EventType "tourn (corr)"]
[EventRounds "6"]
[EventCountry "BAR"]
[SourceTitle "Corr 2008"]
[Source "ChessBase"]
[SourceDate "2008.06.24"]
[SourceVersion "1"]
[SourceVersionDate "2008.06.24"]
[SourceQuality "1"]

1. e4 e5 2. Nf3 Nc6 3. Bb5 a6 4. Ba4 Nf6 5. 0-0 Be7 6. Re1 b5 7. Bb3 0-0 8. c3 d5 9. exd5 Nxd5 10. Nxe5 Nxe5 11. Rxe5 c6 12. d4 Bd6 13. Re1 Qh4 14. g3 Qh3 15. Be3 Bg4 16. Qd3 Rae8 17. Nd2 Re6 18. a4 f5 19. Qf1 Qh5 20. f4 bxa4 21. Rxa4 Rfe8 22. Rxa6 Kh8 23. Bxd5 cxd5 24. Qf2 g5 25. Nf1 gxf4 26. gxf4 Rg8 27. Ng3 Bf3 28. Ra8 Reg6 29. Rxg8+ Rxg8 30. Bd2 Be4 31. Ra1 Qh3 32. Ra6 Bf8 33. Ra8 h5 34. Be1 Qg4 35. h3 Qxh3 36. Qh2 Qg4 37. Rxf8 Rxf8 38. Qxh5+ Qxh5 39. Nxh5 Ra8 40. b3 Ra3 41. Kf2 Rxb3 42. Nf6 Rb2+ 43. Ke3 Kg7 44. Nd7 Kf7 45. Bh4 Rc2 46. Ne5+ Ke6 47. Be1 Rc1 1/2-1/2

[Event "IECG CP.2001.P.00075"]
[Site "IECG email"]
[Date "2001.10.01"]
[Round "?"]
[White "Flaherty, Kevin LP"]
[Black "Freeman, Ashley"]
[Result "1-0"]
[WhiteElo "2139"]
[BlackElo "2000"]
[PlyCount "55"]
[EventDate "2001.10.01"]
[EventType "tourn (corr)"]
[EventRounds "6"]
[SourceTitle "Corr 2008"]
[Source "ChessBase"]
[SourceDate "2008.06.24"]
[SourceVersion "1"]
[SourceVersionDate "2008.06.24"]
[SourceQuality "1"]

1. e4 c5 2. Nf3 e6 3. d4 cxd4 4. Nxd4 Nf6 5. Nc3 d6 6. Be3 a6 7. f3 b5 8. g4 h6 9. h4 Bb7 10. Qd2 Nbd7 11. Rg1 Ne5 12. g5 hxg5 13. hxg5 Nfd7 14. f4 Nc6 15. Nxc6 Bxc6 16. a3 Qc7 17. g6 Nf6 18. gxf7+ Qxf7 19. Bd3 Qh5 20. e5 Ng4 21. 0-0-0 Qh3 22. Bb6 b4 23. Ne4 bxa3 24. Nxd6+ Ke7 25. Bg6 Bd5 26. Qb4 axb2+ 27. Kb1 Kd7 28. Qa4+ 1-0

[Event "IECG CA.2001.0.00015"]
[Site "IECG email"]
[Date "2001.08.31"]
[Round "?"]
[White "Freeman, Ashley"]
[Black "Dimitrijeski, Boris"]
[Result "0-1"]
[WhiteElo "2000"]
[BlackElo "2194"]
[PlyCount "52"]
[EventDate "2001.08.31"]
[EventType "tourn (corr)"]
[EventRounds "6"]
[SourceTitle "Corr 2008"]
[Source "ChessBase"]
[SourceDate "2008.06.24"]
[SourceVersion "1"]
[SourceVersionDate "2008.06.24"]
[SourceQuality "1"]

1. e4 c5 2. Nf3 Nc6 3. d4 cxd4 4. Nxd4 Nf6 5. Nc3 d6 6. Bg5 e6 7. Qd2 a6 8. 0-0-0 Bd7 9. f4 b5 10. Bxf6 gxf6 11. Nxc6 Bxc6 12. Qe3 Qe7 13. Bd3 Qa7 14. Qh3 b4 15. Ne2 Qc5 16. f5 e5 17. Kb1 a5 18. Qh4 a4 19. Rhf1 Ke7 20. g4 h5 21. Ng3 a3 22. Nxh5 axb2 23. Qxf6+ Ke8 24. Qxh8 Rxa2 25. Kxa2 Qc3 26. Nf6+ Ke7 0-1

[Event "IECG CA.2001.0.00015"]
[Site "IECG email"]
[Date "2001.08.31"]
[Round "?"]
[White "Freeman, Ashley"]
[Black "Gomez Galan Arense, Joaquin"]
[Result "0-1"]
[WhiteElo "2000"]
[BlackElo "2080"]
[PlyCount "80"]
[EventDate "2001.08.31"]
[EventType "tourn (corr)"]
[EventRounds "6"]
[SourceTitle "Corr 2008"]
[Source "ChessBase"]
[SourceDate "2008.06.24"]
[SourceVersion "1"]
[SourceVersionDate "2008.06.24"]
[SourceQuality "1"]

1. e4 c5 2. Nf3 d6 3. d4 cxd4 4. Nxd4 Nf6 5. Nc3 a6 6. Bc4 e6 7. Bb3 b5 8. 0-0 Be7 9. Qf3 Qb6 10. Be3 Qb7 11. Qg3 b4 12. Na4 Nbd7 13. f3 0-0 14. Rfd1 Ne5 15. c4 bxc3 16. Nxc3 Bd7 17. Rac1 Rfc8 18. Bg5 Rc5 19. Qe1 Rac8 20. Qe2 Nc4 21. f4 Qb4 22. Rd3 h6 23. Bh4 Nh5 24. Bg3 Nxg3 25. hxg3 Bf6 26. Nc2 Qb6 27. Ne3 Nxb2 28. Qxb2 Bb5 29. Ba4 Bxc3 30. Rcxc3 Rxc3 31. Rxc3 Rxc3 32. Qxc3 Bxa4 33. Qc8+ Kh7 34. Kf2 Bc6 35. Kf3 Qb5 36. Qc7 d5 37. exd5 exd5 38. Kf2 d4 39. Nd1 Qd5 40. Qe5 Qxg2+ 0-1

[Event "IECG CA.2001.0.00015"]
[Site "IECG email"]
[Date "2001.08.31"]
[Round "?"]
[White "Freeman, Ashley"]
[Black "Steele, Scott"]
[Result "1/2-1/2"]
[WhiteElo "2000"]
[BlackElo "2019"]
[PlyCount "59"]
[EventDate "2001.08.31"]
[EventType "tourn (corr)"]
[EventRounds "6"]
[SourceTitle "Corr 2008"]
[Source "ChessBase"]
[SourceDate "2008.06.24"]
[SourceVersion "1"]
[SourceVersionDate "2008.06.24"]
[SourceQuality "1"]

1. e4 e5 2. Nf3 Nc6 3. Bb5 a6 4. Ba4 Nf6 5. 0-0 Be7 6. Re1 b5 7. Bb3 d6 8. c3 0-0 9. h3 Bb7 10. d4 Re8 11. Nbd2 Bf8 12. a4 h6 13. Bc2 Nb8 14. Bd3 c6 15. Nf1 Nbd7 16. Ng3 Qc7 17. Bd2 g6 18. Qc1 Kh7 19. b3 Bg7 20. Qc2 Rac8 21. Be3 d5 22. dxe5 dxe4 23. Nxe4 Nxe4 24. Bxe4 Nxe5 25. Nxe5 Qxe5 26. Bd4 Qb8 27. Bxg7 Kxg7 28. c4 Rcd8 29. axb5 axb5 30. cxb5 1/2-1/2